| 000 | 01292nam a2200205Ia 4500 | ||
|---|---|---|---|
| 999 |
_c53533 _d53533 |
||
| 001 | 20579 | ||
| 003 | GE_BSU | ||
| 005 | 20210224000912.0 | ||
| 008 | 181216s2015||||ge |||||||||||||| ||geo|| | ||
| 040 | _cGE_BSU | ||
| 041 | _ageo | ||
| 080 | _a504.4 +371.315.7 ბ-96 | ||
| 245 |
_aბუნებრივი კატასტროფების რისკის შემცირება ინკლუზიური განათლების კონტექსტში : _bპრაქტიკული გზამკვლევი მასწავლებლებისთვის / _cგზამკვლებზე მუშაობდნენ : რ. ლორთქიფანიძე, ნ. რუხაძე,რ. თევზაძე და სხვ. ; |
||
| 264 |
_aთბილისი : _b?, _c2015. |
||
| 300 |
_a129 გვ. ; _c30 სმ. |
||
| 541 | _h44 ლ. | ||
| 653 | _aბუნებრივი კატასტროფების რისკის შემცირება ინკლუზიური განათლების კონტექსტში | ||
| 653 | _aპრაქტიკული გზამკვლევი მასწავლებლებისთვის | ||
| 942 |
_cBK _2udc |
||